[Event "SEM Meisterklasse"]
[Site "Wertingen"]
[Date "2017.06.15"]
[Round "1.1"]
[White "Bilchinski, Anton"]
[Black "Hornung, Hans"]
[Result "1-0"]
[WhiteElo "2327"]
[BlackElo "2058"]
[PlyCount "73"]
[EventDate "2017.??.??"]
[EventType "swiss"]
[EventRounds "7"]
[EventCountry "GER"]
[WhiteTeam "TSV Haunstetten"]
[BlackTeam "SK Klosterlechfeld"]

1. d4 d6 2. Nf3 g6 3. c4 Nf6 4. Nc3 Bf5 5. g3 Bg7 6. Bg2 c6 7. O-O O-O 8. Nh4
Be6 9. d5 cxd5 10. cxd5 Bd7 11. Be3 Na6 12. Bd4 Qa5 13. a3 Rfc8 14. b4 Qd8 15.
Rc1 Rc4 16. e3 Rac8 17. Qd2 Qc7 18. Rfd1 g5 19. Bf1 Ne4 20. Nxe4 Rxc1 21. Bxg7
Kxg7 22. Nxg5 Rxd1 23. Qxd1 f6 24. Ne6+ Bxe6 25. dxe6 Kh8 26. Qh5 Rg8 27. Bd3
Qc1+ 28. Kg2 Qc6+ 29. Kh3 Rg7 30. b5 Qc5 31. Qe8+ Rg8 32. Qxe7 Qh5 33. Qxf6+
Rg7 34. bxa6 bxa6 35. Bf5 Qe2 36. Kg2 Qb5 37. Be4 1-0

[Event "SEM Meisterklasse"]
[Site "Wertingen"]
[Date "2017.06.15"]
[Round "1.2"]
[White "Schweizer, Manfred"]
[Black "Krug, Norbert"]
[Result "0-1"]
[WhiteElo "2040"]
[BlackElo "2225"]
[PlyCount "44"]
[EventDate "2017.??.??"]
[EventType "swiss"]
[EventRounds "7"]
[EventCountry "GER"]
[WhiteTeam "Post-SV Memmingen"]
[BlackTeam "SK Mering"]

1. g3 Nf6 2. Bg2 d6 3. d4 Nbd7 4. e4 e5 5. Ne2 Be7 6. O-O O-O 7. h3 b5 8. Be3
Bb7 9. Nbc3 c6 10. f4 b4 11. Na4 exd4 12. Qxd4 Qa5 13. b3 c5 14. Qd3 c4 15. Qd4
Nc5 16. Nxc5 dxc5 17. Qe5 Rfe8 18. c3 Bf8 19. cxb4 Qxb4 20. Qc3 Bxe4 21. Rfe1
Bxg2 22. Kxg2 Qb7+ 0-1

[Event "SEM Meisterklasse"]
[Site "Wertingen"]
[Date "2017.06.15"]
[Round "1.3"]
[White "Reimann, Sebastian"]
[Black "Knoll, Georg"]
[Result "1/2-1/2"]
[WhiteElo "2169"]
[BlackElo "2021"]
[PlyCount "107"]
[EventDate "2017.??.??"]
[EventType "swiss"]
[EventRounds "7"]
[EventCountry "GER"]
[WhiteTeam "SK Kriegshaber"]
[BlackTeam "VfL Leipheim"]

1. e4 g6 2. d4 Bg7 3. c4 d6 4. Nf3 c6 5. Nc3 Nf6 6. h3 O-O 7. Be3 a6 8. a4 Qc7
9. Be2 Nbd7 10. O-O b6 11. Rc1 e5 12. a5 bxa5 13. c5 dxc5 14. dxe5 Nxe5 15.
Nxe5 Qxe5 16. f4 Qe7 17. Bf3 Rd8 18. Qa4 Be6 19. Rfe1 Rab8 20. Qxa5 Rxb2 21.
Bxc5 Qe8 22. Rcd1 Rbb8 23. Bd6 Rbc8 24. Be5 Bc4 25. Na4 Rxd1 26. Bxd1 Bb5 27.
Bxf6 Bxf6 28. e5 Bh4 29. Re3 Rd8 30. Bb3 Kg7 31. g3 Be7 32. Qc3 Qf8 33. e6+ f6
34. Kg2 c5 35. f5 c4 36. Bc2 Bb4 37. e7 Bxe7 38. Re2 Bc6+ 39. Kh2 Bxa4 40. Bxa4
Qf7 41. fxg6 hxg6 42. Re4 Rc8 43. Bd7 Rc7 44. Be6 Qf8 45. Rxc4 Rxc4 46. Qxc4
Qb8 47. h4 a5 48. Qe2 Qe5 49. Qxe5 fxe5 50. Bd5 a4 51. Kg2 Kf6 52. Kf3 Bc5 53.
g4 a3 54. Bc4 1/2-1/2

[Event "SEM Meisterklasse"]
[Site "Wertingen"]
[Date "2017.06.15"]
[Round "1.4"]
[White "Kuerschner, Ernst-Michael"]
[Black "Schmidt, Olaf"]
[Result "1/2-1/2"]
[WhiteElo "1993"]
[BlackElo "2120"]
[PlyCount "76"]
[EventDate "2017.??.??"]
[EventType "swiss"]
[EventRounds "7"]
[EventCountry "GER"]
[WhiteTeam "SK Mering"]
[BlackTeam "SK Rochade Augsburg"]

1. d4 Nf6 2. Nf3 d5 3. Bf4 c5 4. c3 e6 5. e3 Qb6 6. Qb3 c4 7. Qc2 Bd6 8. Nbd2
Bxf4 9. exf4 O-O 10. Be2 Qd6 11. g3 b5 12. O-O Bb7 13. Ne5 Nfd7 14. Bf3 Nc6 15.
Nxc6 Bxc6 16. Bg2 g6 17. h4 h5 18. Rfe1 Kg7 19. Nf3 Rfc8 20. Bh3 Nf8 21. Ng5
Bd7 22. Nf3 b4 23. Ne5 Rab8 24. Qd2 Rc7 25. Re2 a5 26. Qe3 Nh7 27. Kh1 Rcb7 28.
Rg1 Nf6 29. f3 bxc3 30. bxc3 Rb2 31. Rgg2 Rb1+ 32. Kh2 Ba4 33. g4 hxg4 34. Bxg4
Rh8 35. f5 exf5 36. Bxf5 Rxh4+ 37. Kg3 Rbh1 38. Kf2 Be8 1/2-1/2

[Event "SEM Meisterklasse"]
[Site "Wertingen"]
[Date "2017.06.15"]
[Round "1.5"]
[White "Baeuml, Ulrich"]
[Black "Schoeneich, Marco"]
[Result "1-0"]
[WhiteElo "2098"]
[BlackElo "1956"]
[PlyCount "113"]
[EventDate "2017.??.??"]
[EventType "swiss"]
[EventRounds "7"]
[EventCountry "GER"]
[WhiteTeam "SC Dillingen"]
[BlackTeam "SC Ottobeuren"]

1. c4 d6 2. g3 g6 3. Bg2 Bg7 4. Nc3 Nc6 5. Nf3 e5 6. d3 Nge7 7. Rb1 O-O 8. b4
Nd4 9. O-O Nxf3+ 10. Bxf3 Bh3 11. Re1 c6 12. b5 d5 13. bxc6 bxc6 14. cxd5 cxd5
15. Qb3 Be6 16. Qa3 Qd7 17. Na4 Rfc8 18. Nc5 Qd6 19. Nxe6 Qxe6 20. Rb7 Nf5 21.
Bg4 Qc6 22. Qb4 a5 23. Qb1 e4 24. dxe4 dxe4 25. Bf4 Qc2 26. Bxf5 gxf5 27. Qb3
Qxb3 28. axb3 Bc3 29. Rd1 Rd8 30. Rc1 Rac8 31. Bc7 Bb4 32. Bxd8 Rxc1+ 33. Kg2
Kg7 34. Rb5 Rc3 35. h4 e3 36. Bb6 exf2 37. Bd4+ Kg6 38. Bxc3 Bxc3 39. Kxf2 f6
40. Kf3 h6 41. Rd5 Be1 42. Kf4 h5 43. e3 Bc3 44. Rxf5 Be1 45. Rd5 Bc3 46. Kf3
Be1 47. e4 Bc3 48. Ke2 Bb4 49. Rb5 Bc3 50. Rc5 Bb4 51. Rc6 Kf7 52. Ke3 Be1 53.
Kf4 Kg7 54. Ra6 Kf7 55. Kf5 Bxg3 56. Rxf6+ Ke7 57. Ra6 1-0

[Event "SEM Meisterklasse"]
[Site "Wertingen"]
[Date "2017.06.15"]
[Round "1.6"]
[White "Essler, Richard"]
[Black "Kolb, Wolfgang"]
[Result "1/2-1/2"]
[WhiteElo "1878"]
[BlackElo "2063"]
[PlyCount "49"]
[EventDate "2017.??.??"]
[EventType "swiss"]
[EventRounds "7"]
[EventCountry "GER"]
[WhiteTeam "SK Mering"]
[BlackTeam "SK Königsbrunn"]

1. e4 c6 2. d4 d5 3. e5 c5 4. dxc5 Nc6 5. a3 Nxe5 6. b4 Nf6 7. Nf3 Nxf3+ 8.
Qxf3 g6 9. Bb2 Bg7 10. Bd3 O-O 11. h3 a6 12. O-O Bd7 13. Re1 Re8 14. Be5 b6 15.
Qe3 bxc5 16. Qxc5 Be6 17. Qd4 Nh5 18. Bxg7 Nxg7 19. g4 Bc8 20. Nd2 Qd6 21. c4
Ne6 22. Qxd5 Qxd5 23. cxd5 Nf4 24. Bf1 Nxd5 25. Bg2 1/2-1/2

[Event "SEM Meisterklasse"]
[Site "Wertingen"]
[Date "2017.06.15"]
[Round "2.1"]
[White "Krug, Norbert"]
[Black "Bilchinski, Anton"]
[Result "1/2-1/2"]
[WhiteElo "2225"]
[BlackElo "2327"]
[PlyCount "21"]
[EventDate "2017.??.??"]
[EventType "swiss"]
[EventRounds "7"]
[EventCountry "GER"]
[WhiteTeam "SK Mering"]
[BlackTeam "TSV Haunstetten"]

1. d4 f5 2. Qd3 d5 3. g4 e6 4. gxf5 exf5 5. Bh3 g6 6. Bf4 Bg7 7. Qe3+ Ne7 8.
Nf3 O-O 9. Nc3 c6 10. O-O-O Nd7 11. Bh6 1/2-1/2

[Event "SEM Meisterklasse"]
[Site "Wertingen"]
[Date "2017.06.15"]
[Round "2.2"]
[White "Schmidt, Olaf"]
[Black "Baeuml, Ulrich"]
[Result "0-1"]
[WhiteElo "2120"]
[BlackElo "2098"]
[PlyCount "66"]
[EventDate "2017.??.??"]
[EventType "swiss"]
[EventRounds "7"]
[EventCountry "GER"]
[WhiteTeam "SK Rochade Augsburg"]
[BlackTeam "SC Dillingen"]

1. d4 d5 2. Nf3 e6 3. c4 c5 4. cxd5 exd5 5. Nc3 Nf6 6. g3 Nc6 7. Bg2 Be7 8. O-O
O-O 9. Bg5 c4 10. Ne5 Be6 11. Bxf6 Bxf6 12. f4 Bxe5 13. dxe5 Qb6+ 14. Kh1 Qxb2
15. Rc1 d4 16. Rc2 Qa3 17. Bxc6 bxc6 18. Qxd4 Rfd8 19. Qg1 Bf5 20. Rcc1 h5 21.
Qg2 Rd2 22. Qxc6 Rc8 23. Qf3 g6 24. Qg2 Rcd8 25. Nb1 Qxc1 26. Rxc1 Rd1+ 27. Qf1
Rxf1+ 28. Rxf1 Bxb1 29. Rxb1 Rd2 30. Re1 c3 31. Kg2 c2 32. Rc1 Rxe2+ 33. Kh3
Kf8 0-1

[Event "SEM Meisterklasse"]
[Site "Wertingen"]
[Date "2017.06.15"]
[Round "2.3"]
[White "Kolb, Wolfgang"]
[Black "Reimann, Sebastian"]
[Result "1/2-1/2"]
[WhiteElo "2063"]
[BlackElo "2169"]
[PlyCount "119"]
[EventDate "2017.??.??"]
[EventType "swiss"]
[EventRounds "7"]
[EventCountry "GER"]
[WhiteTeam "SK Königsbrunn"]
[BlackTeam "SK Kriegshaber"]

1. c4 Nf6 2. g3 e6 3. Nf3 d5 4. b3 Be7 5. Bg2 O-O 6. Bb2 c5 7. O-O Nc6 8. e3 b6
9. Nc3 Bb7 10. Qe2 Ne4 11. d3 Nxc3 12. Bxc3 Bf6 13. Qb2 d4 14. exd4 Nxd4 15.
Nxd4 cxd4 16. Bd2 Bxg2 17. Kxg2 Qd7 18. Rae1 Qc6+ 19. f3 Rac8 20. Bf4 Qc5 21.
Qe2 Rfe8 22. Be5 Bxe5 23. Qxe5 f6 24. Qe4 e5 25. g4 Qd6 26. h4 Qd7 27. h5 Rf8
28. Kg3 Rce8 29. Qf5 Qf7 30. Rh1 g6 31. hxg6 hxg6 32. Qe4 Kg7 33. Reg1 f5 34.
gxf5 Qxf5 35. Re1 Qg5+ 36. Kf2 Rf4 37. Qc6 Ref8 38. Qc7+ R8f7 39. Qxe5+ Qxe5
40. Rxe5 Rxf3+ 41. Ke2 Rf2+ 42. Ke1 Rxa2 43. Rh4 Rf3 44. Re2 Ra1+ 45. Kd2 Ra2+
46. Kd1 Ra3 47. Rxd4 Rxb3 48. Rd7+ Rf7 49. Ree7 Rxe7 50. Rxe7+ Kf6 51. Rxa7
Rxd3+ 52. Ke2 Rd6 53. Rc7 Ke5 54. c5 bxc5 55. Rxc5+ Kd4 56. Rg5 Rf6 57. Rg4+
Ke5 58. Ke3 Ke6 59. Rf4 Rf5 60. Rxf5 1/2-1/2

[Event "SEM Meisterklasse"]
[Site "Wertingen"]
[Date "2017.06.15"]
[Round "2.4"]
[White "Knoll, Georg"]
[Black "Kuerschner, Ernst-Michael"]
[Result "1/2-1/2"]
[WhiteElo "2021"]
[BlackElo "1993"]
[PlyCount "119"]
[EventDate "2017.??.??"]
[EventType "swiss"]
[EventRounds "7"]
[EventCountry "GER"]
[WhiteTeam "VfL Leipheim"]
[BlackTeam "SK Mering"]

1. d4 d5 2. c4 e6 3. Nf3 Nf6 4. g3 b6 5. Bg2 Bb7 6. Ne5 Bb4+ 7. Bd2 Bxd2+ 8.
Nxd2 O-O 9. O-O Nbd7 10. Nd3 Qe7 11. Rc1 Rfc8 12. b4 c5 13. bxc5 bxc5 14. Nb3
cxd4 15. Nxd4 Nc5 16. cxd5 Bxd5 17. Bxd5 Nxd5 18. Qc2 Nd7 19. Qxc8+ Rxc8 20.
Rxc8+ Nf8 21. Rfc1 g5 22. Nb5 a6 23. Nc7 Kg7 24. Ne5 Kf6 25. Ng4+ Kg6 26. Nxd5
exd5 27. R8c6+ Kg7 28. Ne3 Qe4 29. Rxa6 d4 30. Nf1 Qxe2 31. Rd6 Ne6 32. a4 g4
33. Rd5 h6 34. a5 Ng5 35. Rxg5+ hxg5 36. Rc5 Kf6 37. Rd5 Qc4 38. Rd6+ Ke5 39.
Rd8 Qc7 40. Re8+ Kd6 41. Re4 Kd5 42. Rxg4 f6 43. h4 gxh4 44. Rxh4 f5 45. Rh5
Ke6 46. Rh6+ Ke5 47. a6 f4 48. Rh5+ Kf6 49. Rh6+ Kg5 50. Rh8 fxg3 51. Rg8+ Kf4
52. Rxg3 Qa5 53. Rg6 Kf3 54. Rf6+ Ke2 55. Re6+ Kd3 56. Rg6 Qa4 57. Kg2 Kc2 58.
Rd6 d3 59. Ne3+ Kc1 60. a7 1/2-1/2

[Event "SEM Meisterklasse"]
[Site "Wertingen"]
[Date "2017.06.15"]
[Round "2.5"]
[White "Hornung, Hans"]
[Black "Essler, Richard"]
[Result "1-0"]
[WhiteElo "2058"]
[BlackElo "1878"]
[PlyCount "45"]
[EventDate "2017.??.??"]
[EventType "swiss"]
[EventRounds "7"]
[EventCountry "GER"]
[WhiteTeam "SK Klosterlechfeld"]
[BlackTeam "SK Mering"]

1. Nf3 Nf6 2. c4 e6 3. g3 d5 4. Bg2 dxc4 5. Qc2 c5 6. Na3 Nc6 7. Nxc4 Be7 8.
O-O O-O 9. b3 Qc7 10. Bb2 Nd5 11. Rac1 b6 12. d4 h6 13. dxc5 Bxc5 14. a3 Bb7
15. b4 Bd6 16. e4 Ndxb4 17. axb4 Nxb4 18. Qc3 f6 19. Nxd6 Qxd6 20. Rfd1 Qe7 21.
Ba3 a5 22. Qe3 b5 23. Nd4 1-0

[Event "SEM Meisterklasse"]
[Site "Wertingen"]
[Date "2017.06.15"]
[Round "2.6"]
[White "Schoeneich, Marco"]
[Black "Schweizer, Manfred"]
[Result "0-1"]
[WhiteElo "1956"]
[BlackElo "2040"]
[PlyCount "106"]
[EventDate "2017.??.??"]
[EventType "swiss"]
[EventRounds "7"]
[EventCountry "GER"]
[WhiteTeam "SC Ottobeuren"]
[BlackTeam "Post-SV Memmingen"]

1. d4 d6 2. Nf3 g6 3. Bg5 Bg7 4. c3 Nf6 5. Nbd2 Nbd7 6. e4 h6 7. Bxf6 Nxf6 8.
e5 Nd5 9. exd6 cxd6 10. Bc4 Nf6 11. O-O O-O 12. Re1 Bd7 13. Nh4 e6 14. Qe2 Re8
15. Rad1 Rc8 16. Bb3 b5 17. Qd3 g5 18. Nhf3 Bc6 19. h3 Qc7 20. a3 Qb7 21. Re2
Bd5 22. Bc2 Bc4 23. Nxc4 bxc4 24. Qd2 Rb8 25. Bb1 Kf8 26. Ba2 Qc7 27. g3 Rbd8
28. Qc2 Qc6 29. Nd2 d5 30. Nf3 Qc7 31. Qa4 Nd7 32. Bb1 Rb8 33. Qc2 Rb6 34. Rdd2
Reb8 35. Qc1 R6b7 36. Kg2 Nb6 37. Bc2 Nd7 38. Bb1 Qc6 39. Nh2 e5 40. dxe5 Nc5
41. Qe1 d4+ 42. Be4 Nxe4 43. Rxe4 Rxb2 44. Rxb2 Rxb2 45. Nf3 d3 46. Rd4 Re2 47.
Qb1 Bxe5 48. Qb4+ Kg7 49. Rxc4 Qa8 50. Rc5 d2 51. Qb3 Re1 52. Rd5 Qxd5 53. Qxd5
d1=Q 0-1

[Event "SEM Meisterklasse"]
[Site "Wertingen"]
[Date "2017.06.16"]
[Round "3.1"]
[White "Baeuml, Ulrich"]
[Black "Krug, Norbert"]
[Result "1/2-1/2"]
[WhiteElo "2098"]
[BlackElo "2225"]
[PlyCount "36"]
[EventDate "2017.??.??"]
[EventType "swiss"]
[EventRounds "7"]
[EventCountry "GER"]
[WhiteTeam "SC Dillingen"]
[BlackTeam "SK Mering"]

1. c4 Nf6 2. Nc3 g6 3. g3 d5 4. cxd5 Nxd5 5. Bg2 Nxc3 6. bxc3 Bg7 7. d4 e5 8.
Nf3 exd4 9. cxd4 c5 10. e3 Qa5+ 11. Bd2 Qa6 12. Rc1 O-O 13. Rxc5 Bf5 14. Ra5
Qd3 15. Qb3 Nc6 16. Qxd3 Bxd3 17. Ra3 Bc4 18. Bf1 Bd5 1/2-1/2

[Event "SEM Meisterklasse"]
[Site "Wertingen"]
[Date "2017.06.16"]
[Round "3.2"]
[White "Bilchinski, Anton"]
[Black "Kolb, Wolfgang"]
[Result "1/2-1/2"]
[WhiteElo "2327"]
[BlackElo "2063"]
[PlyCount "66"]
[EventDate "2017.??.??"]
[EventType "swiss"]
[EventRounds "7"]
[EventCountry "GER"]
[WhiteTeam "TSV Haunstetten"]
[BlackTeam "SK Königsbrunn"]

1. d4 Nf6 2. c4 e6 3. Nc3 Bb4 4. Qc2 d5 5. Nf3 O-O 6. Bg5 h6 7. Bxf6 Qxf6 8. a3
Bxc3+ 9. Qxc3 c6 10. e3 Nd7 11. Rc1 Re8 12. cxd5 exd5 13. Bd3 Nb6 14. Qc2 Be6
15. O-O Nc8 16. Qc5 Qe7 17. b4 Nd6 18. a4 a6 19. Rc2 Ne4 20. Bxe4 dxe4 21. Nd2
Bd5 22. Nc4 Bxc4 23. Rxc4 Rad8 24. Rfc1 Rd5 25. Qb6 Red8 26. Rc5 R8d7 27. h3
Qd8 28. Qxd8+ Rxd8 29. f3 exf3 30. gxf3 f5 31. Rxd5 Rxd5 32. Rc5 Kf7 33. Rxd5
cxd5 1/2-1/2

[Event "SEM Meisterklasse"]
[Site "Wertingen"]
[Date "2017.06.16"]
[Round "3.3"]
[White "Reimann, Sebastian"]
[Black "Hornung, Hans"]
[Result "1-0"]
[WhiteElo "2169"]
[BlackElo "2058"]
[PlyCount "83"]
[EventDate "2017.??.??"]
[EventType "swiss"]
[EventRounds "7"]
[EventCountry "GER"]
[WhiteTeam "SK Kriegshaber"]
[BlackTeam "SK Klosterlechfeld"]

1. e4 g6 2. Nf3 Bg7 3. Bc4 d6 4. Qe2 c5 5. O-O Nc6 6. c3 Nf6 7. d4 cxd4 8. Nxd4
O-O 9. Rd1 Qc7 10. Bb3 a6 11. Bg5 Na5 12. Na3 Bg4 13. f3 Bd7 14. Kh1 Rac8 15.
Ndc2 Nxb3 16. axb3 Be6 17. c4 Qc5 18. Be3 Qh5 19. Bd4 g5 20. Nb4 Rfe8 21. Nd5
Bxd5 22. cxd5 b5 23. Nc2 g4 24. Bxf6 gxf3 25. gxf3 Bxf6 26. Nb4 Kh8 27. Rg1 Rg8
28. Nc6 e6 29. Rxg8+ Rxg8 30. e5 dxe5 31. d6 e4 32. Qxe4 Qc5 33. d7 Qf2 34. f4
Qxb2 35. Rd1 Bd8 36. Qe5+ Qxe5 37. Nxe5 f6 38. Nc6 Rf8 39. Nd4 e5 40. Ne6 Rg8
41. Rc1 exf4 42. Nxd8 1-0

[Event "SEM Meisterklasse"]
[Site "Wertingen"]
[Date "2017.06.16"]
[Round "3.4"]
[White "Schweizer, Manfred"]
[Black "Knoll, Georg"]
[Result "1-0"]
[WhiteElo "2040"]
[BlackElo "2021"]
[PlyCount "83"]
[EventDate "2017.??.??"]
[EventType "swiss"]
[EventRounds "7"]
[EventCountry "GER"]
[WhiteTeam "Post-SV Memmingen"]
[BlackTeam "VfL Leipheim"]

1. g3 g6 2. Bg2 Bg7 3. Nf3 c5 4. c4 Nc6 5. Nc3 b6 6. O-O Bb7 7. e4 d6 8. a3 Nd4
9. d3 Nxf3+ 10. Bxf3 Nf6 11. Be3 O-O 12. Rc1 Nd7 13. Bg2 a6 14. f4 e6 15. Qd2
Rc8 16. Bf3 Qc7 17. g4 f5 18. Ne2 fxe4 19. dxe4 Nf6 20. Ng3 b5 21. g5 Ne8 22.
Bg4 Qe7 23. b3 Rd8 24. Rce1 Nc7 25. f5 Be5 26. f6 Qd7 27. Qc2 Qc6 28. Bf2 Kf7
29. h4 Rg8 30. Bf3 a5 31. Kg2 a4 32. bxa4 bxc4 33. Rh1 c3 34. h5 Rh8 35. Rh4
Rdg8 36. Reh1 Qe8 37. Qb3 Qc8 38. hxg6+ Rxg6 39. Bh5 Rhg8 40. Bxg6+ hxg6 41.
Rh7+ Ke8 42. Rh8 1-0

[Event "SEM Meisterklasse"]
[Site "Wertingen"]
[Date "2017.06.16"]
[Round "3.5"]
[White "Kuerschner, Ernst-Michael"]
[Black "Essler, Richard"]
[Result "0-1"]
[WhiteElo "1993"]
[BlackElo "1878"]
[PlyCount "42"]
[EventDate "2017.??.??"]
[EventType "swiss"]
[EventRounds "7"]
[EventCountry "GER"]
[WhiteTeam "SK Mering"]
[BlackTeam "SK Mering"]

1. d4 Nf6 2. Nf3 c5 3. dxc5 e6 4. e3 Bxc5 5. Be2 O-O 6. b3 Bb4+ 7. c3 Bc5 8.
Bb2 d5 9. O-O Nc6 10. c4 Qe7 11. Nc3 Rd8 12. Qc2 b6 13. Rac1 Bb7 14. Rfd1 Rac8
15. Qb1 d4 16. exd4 Nxd4 17. Nxd4 Bxd4 18. Na4 Bxf2+ 19. Kxf2 Ne4+ 20. Kg1 Qg5
21. Rd3 Nc3 0-1

[Event "SEM Meisterklasse"]
[Site "Wertingen"]
[Date "2017.06.16"]
[Round "3.6"]
[White "Schoeneich, Marco"]
[Black "Schmidt, Olaf"]
[Result "1/2-1/2"]
[WhiteElo "1956"]
[BlackElo "2120"]
[PlyCount "42"]
[EventDate "2017.??.??"]
[EventType "swiss"]
[EventRounds "7"]
[EventCountry "GER"]
[WhiteTeam "SC Ottobeuren"]
[BlackTeam "SK Rochade Augsburg"]

1. d4 Nf6 2. Nf3 e6 3. Bg5 h6 4. Bxf6 Qxf6 5. e4 d6 6. c3 g6 7. e5 Qe7 8. exd6
cxd6 9. Bd3 Nd7 10. Nbd2 Bg7 11. O-O O-O 12. Re1 Nf6 13. c4 Qc7 14. Rc1 Rd8 15.
b4 a5 16. a3 axb4 17. axb4 Nh5 18. Qb3 e5 19. dxe5 dxe5 20. c5 Nf4 21. Bc4 Kh7
1/2-1/2

[Event "SEM Meisterklasse"]
[Site "Wertingen"]
[Date "2017.06.16"]
[Round "4.1"]
[White "Bilchinski, Anton"]
[Black "Baeuml, Ulrich"]
[Result "0-1"]
[WhiteElo "2327"]
[BlackElo "2098"]
[PlyCount "118"]
[EventDate "2017.??.??"]
[EventType "swiss"]
[EventRounds "7"]
[EventCountry "GER"]
[WhiteTeam "TSV Haunstetten"]
[BlackTeam "SC Dillingen"]

1. d4 d5 2. c4 e6 3. Nc3 c5 4. cxd5 exd5 5. Nf3 Nf6 6. Bg5 Nc6 7. e3 Be6 8. Bb5
Qa5 9. Bxf6 gxf6 10. O-O Be7 11. dxc5 Bxc5 12. a3 Qd8 13. Rc1 Bd6 14. e4 dxe4
15. Nxe4 Bf4 16. Rxc6 bxc6 17. Bxc6+ Ke7 18. Bxa8 Qxd1 19. Rxd1 Rxa8 20. Nd4
Rc8 21. Nc3 Be5 22. f3 Rc4 23. Nde2 Bc7 24. g3 h5 25. h4 Be5 26. Kg2 Rc8 27.
Rd2 f5 28. Kf2 Rc4 29. Nb5 a5 30. Nbd4 Kf6 31. Ke3 Bb8 32. Kd3 Rc8 33. Rc2 Rg8
34. Rc1 a4 35. Nxe6 fxe6 36. Rc4 Be5 37. Rb4 Rd8+ 38. Ke3 Bd6 39. Rb5 Rc8 40.
Nf4 Bxf4+ 41. Kxf4 Rc2 42. Rb4 Re2 43. g4 e5+ 44. Kg3 f4+ 45. Kh3 Rf2 46. g5+
Kf5 47. Rxa4 Rxf3+ 48. Kg2 Rd3 49. Rb4 Rd2+ 50. Kf1 f3 51. Rb5 Kf4 52. g6 Rg2
53. a4 Rxg6 54. a5 Rc6 55. Rb6 Rc1+ 56. Kf2 Rc2+ 57. Kf1 e4 58. Rb4 Kg3 59.
Rxe4 Rc1+ 0-1

[Event "SEM Meisterklasse"]
[Site "Wertingen"]
[Date "2017.06.16"]
[Round "4.2"]
[White "Krug, Norbert"]
[Black "Reimann, Sebastian"]
[Result "1/2-1/2"]
[WhiteElo "2225"]
[BlackElo "2169"]
[PlyCount "72"]
[EventDate "2017.??.??"]
[EventType "swiss"]
[EventRounds "7"]
[EventCountry "GER"]
[WhiteTeam "SK Mering"]
[BlackTeam "SK Kriegshaber"]

1. d4 Nf6 2. c4 e6 3. Nc3 Bb4 4. Bg5 d5 5. Nf3 h6 6. Qa4+ Nc6 7. Bxf6 Qxf6 8.
cxd5 exd5 9. Ne5 O-O 10. Nxc6 Bxc3+ 11. bxc3 bxc6 12. g3 a5 13. Bg2 Ba6 14. Bf3
Rfe8 15. O-O Bxe2 16. Bxe2 Rxe2 17. Rae1 Re6 18. Kg2 h5 19. h4 Qe7 20. Qxc6
Rxc6 21. Rxe7 Rb8 22. Rd7 Rb2 23. Rd8+ Kh7 24. Rxd5 Rxa2 25. Rxh5+ Kg6 26. Rg5+
Kh7 27. Rf5 f6 28. Rc1 a4 29. c4 a3 30. d5 Ra6 31. Rf3 Rd2 32. Rb3 a2 33. Ra1
Ra4 34. Rc3 Rb2 35. Rcc1 Rab4 36. Rc3 Ra4 1/2-1/2

[Event "SEM Meisterklasse"]
[Site "Wertingen"]
[Date "2017.06.16"]
[Round "4.3"]
[White "Essler, Richard"]
[Black "Schweizer, Manfred"]
[Result "1-0"]
[WhiteElo "1878"]
[BlackElo "2040"]
[PlyCount "45"]
[EventDate "2017.??.??"]
[EventType "swiss"]
[EventRounds "7"]
[EventCountry "GER"]
[WhiteTeam "SK Mering"]
[BlackTeam "PSV Memmingen"]

1. e4 d6 2. Nc3 Nf6 3. f4 g6 4. Nf3 Bg7 5. d4 O-O 6. Bd3 Nc6 7. e5 dxe5 8. fxe5
Nh5 9. Be3 Bg4 10. Be4 f6 11. Qd2 fxe5 12. d5 Bxf3 13. Bxf3 Nd4 14. Bxh5 gxh5
15. O-O-O b5 16. Bh6 Rf5 17. Rhf1 Qf8 18. Bxg7 Kxg7 19. Qd3 Rb8 20. Ne4 b4 21.
Nc5 Kh8 22. Nd7 Qh6+ 23. Kb1 1-0

[Event "SEM Meisterklasse"]
[Site "Wertingen"]
[Date "2017.06.16"]
[Round "4.4"]
[White "Kolb, Wolfgang"]
[Black "Kuerschner, Ernst-Michael"]
[Result "1/2-1/2"]
[WhiteElo "2063"]
[BlackElo "1993"]
[PlyCount "53"]
[EventDate "2017.??.??"]
[EventType "swiss"]
[EventRounds "7"]
[EventCountry "GER"]
[WhiteTeam "SK Königsbrunn"]
[BlackTeam "SK Mering"]

1. c4 Nf6 2. g3 g6 3. Bg2 Bg7 4. Nc3 O-O 5. Nf3 d6 6. O-O Nbd7 7. d3 c6 8. Rb1
Qc7 9. Bd2 Re8 10. b4 e5 11. b5 Nf8 12. Ne1 Bd7 13. Nc2 Ne6 14. Re1 Rab8 15. a4
Qc8 16. Qc1 Nd4 17. Be3 c5 18. Bg5 Nxc2 19. Qxc2 Nh5 20. Nd5 Bf8 21. Qd2 f5 22.
Nc3 Be7 23. Bxe7 Rxe7 24. Nd5 Rf7 25. Qg5 Kg7 26. a5 Nf6 27. Ra1 1/2-1/2

[Event "SEM Meisterklasse"]
[Site "Wertingen"]
[Date "2017.06.16"]
[Round "4.5"]
[White "Schmidt, Olaf"]
[Black "Hornung, Hans"]
[Result "1-0"]
[WhiteElo "2120"]
[BlackElo "2058"]
[PlyCount "99"]
[EventDate "2017.??.??"]
[EventType "swiss"]
[EventRounds "7"]
[EventCountry "GER"]
[WhiteTeam "SK Rochade Augsburg"]
[BlackTeam "SK Klosterlechfeld"]

1. d4 Nf6 2. Nf3 g6 3. g3 Bg7 4. Bg2 O-O 5. O-O d6 6. a4 Na6 7. Re1 c5 8. d5
Nc7 9. e4 Bg4 10. Nbd2 Qc8 11. Nc4 Rd8 12. Qe2 e6 13. dxe6 Nxe6 14. c3 d5 15.
exd5 Nxd5 16. Nce5 Nf8 17. Nxg4 Qxg4 18. Nd2 Qd7 19. Qf3 Ne6 20. Nc4 Qc7 21.
Bh3 Nf8 22. Rd1 Nf6 23. Bf4 Qe7 24. Bg2 Qe6 25. Na5 b6 26. Re1 Qd7 27. Nc6 Re8
28. Ne5 Qf5 29. Qd3 Qxd3 30. Nxd3 Rad8 31. Ne5 Ne6 32. Nc6 Rd3 33. Nxa7 Nxf4
34. Rxe8+ Nxe8 35. gxf4 Nd6 36. Nc6 Bh6 37. Ne7+ Kf8 38. Nd5 Rd2 39. Nxb6 Rxb2
40. a5 Nb5 41. Nd5 Bg7 42. a6 Na7 43. Bf1 Ke8 44. Re1+ Kd8 45. Re7 Bxc3 46.
Rxa7 Bd4 47. Bc4 Rxf2 48. Kh1 Rc2 49. Bb5 c4 50. Ra8# 1-0

[Event "SEM Meisterklasse"]
[Site "Wertingen"]
[Date "2017.06.16"]
[Round "4.6"]
[White "Knoll, Georg"]
[Black "Schoeneich, Marco"]
[Result "0-1"]
[WhiteElo "2021"]
[BlackElo "1956"]
[PlyCount "154"]
[EventDate "2017.??.??"]
[EventType "swiss"]
[EventRounds "7"]
[EventCountry "GER"]
[WhiteTeam "VfL Leipheim"]
[BlackTeam "SC Ottobeuren"]

1. d4 d6 2. c4 g6 3. Nf3 Bg7 4. g3 Nc6 5. d5 Ne5 6. Nxe5 Bxe5 7. Nc3 Bg7 8. Bg2
e5 9. dxe6 fxe6 10. O-O Ne7 11. Bg5 h6 12. Bd2 O-O 13. e4 Kh7 14. Be3 Bxc3 15.
bxc3 Bd7 16. Qd2 Ng8 17. c5 Bc6 18. cxd6 Qxd6 19. Qc2 e5 20. Rad1 Qe6 21. Rd2
Nf6 22. f3 Qc4 23. Qb3 Qa6 24. Bc5 Ba4 25. Qa3 Rf7 26. Bh3 Qc6 27. Be3 b6 28.
c4 Raf8 29. Qd3 a5 30. Rff2 Kg7 31. Qc3 Re7 32. Rb2 Ra8 33. Qd2 Qxc4 34. Bxh6+
Kh7 35. Bg5 Rf7 36. Bf1 Qc5 37. Be3 Qc6 38. Qc1 Qxc1 39. Bxc1 Rd7 40. Bg5 Kg7
41. Rfd2 Rad8 42. Bh3 Rd3 43. Kf2 R8d6 44. Ke2 R3d4 45. Rxd4 Rxd4 46. Bd2 Rc4
47. Kd3 Rc5 48. Be3 Rc6 49. Bd2 Rd6+ 50. Ke3 Rc6 51. Bf1 Nd7 52. f4 Kf6 53. Bh3
Nf8 54. Bc8 Rc5 55. h4 Bd7 56. Bb7 Ne6 57. Bd5 Nd8 58. fxe5+ Kxe5 59. Kf3 Ne6
60. Be3 Rc3 61. Rd2 c6 62. Bxe6 Bxe6 63. Rh2 Bg4+ 64. Kf2 b5 65. Bd2 Ra3 66.
Bf4+ Kxe4 67. Ke1 c5 68. Bd6 Rc3 69. Rf2 Bf3 70. Rd2 b4 71. Bc7 a4 72. Rd7 Re3+
73. Kd2 Re2+ 74. Kc1 Rxa2 75. Re7+ Kd3 76. Kb1 b3 77. Bf4 Be4 0-1